000 02051nam a2200397 c 4500
001 52776
003 ES-MaCES
005 20250203133355.0
008 230522s2022 us 000 | eng d
020 _a9780300248975 (hardcover)
040 _aES-MaCES
_bspa
_cES-MaCES
100 1 _940706
_aO'Neil, Shannon K.
245 1 4 _aThe globalization myth
_b: why regions matter
_cShannon K. O'Neil
260 _aNew Haven
_a; London
_bYale University Press
_c[2022]
300 _a230 p.
_c24 cm
500 _aÍndices
520 3 _aUn caso de por qué la regionalización, y no la globalización, ha sido la mayor tendencia económica de los últimos cuarenta años. La sabiduría convencional sobre la globalización está equivocada. En los últimos cuarenta años, a medida que las empresas, el dinero, las ideas y las personas se fueron al extranjero la mayoría de las veces, parecían regionales en lugar de globales. O'Neil detalla esta transformación y el surgimiento de tres importantes centros regionales en Asia, Europa y América del Norte. Las tendencias tecnológicas, demográficas y geopolíticas actuales solo buscan profundizar estos lazos regionales. La regionalización ha mejorado la competitividad económica y la prosperidad en Europa y Asia. Podría hacer lo mismo por Estados Unidos, si tan solo aceptara a sus vecinos.
541 _cCompra
650 4 _aglobalización económica
_930653
650 4 _arelaciones internacionales
_926675
650 4 _arelaciones económicas
_926673
650 4 _acooperación regional
_926636
650 4 _apolítica regional
_930779
650 4 _adesarrollo regional
_929186
650 4 _acompetitividad
_928270
650 4 _adesarrollo económico
_927093
650 4 _aEuropa
_926940
650 4 _aAsia
_926905
650 4 _aEstados Unidos
_928373
650 4 _ageografía política
_928776
650 4 _ageografía económica
_928772
653 1 0 _aCiencias Sociales-Políticas
710 2 _aYale University
_eed.
_95485
902 _aLIB Libro
942 _2CES
_cBK
_h7.0.
999 _c52776
_d52776